| 000 | 01087nam a2200277Ia 4500 | ||
|---|---|---|---|
| 001 | ebr10387138 | ||
| 003 | CaPaEBR | ||
| 006 | m u | ||
| 007 | cr cn||||||||| | ||
| 008 | 080311s2009 enkab sb 001 0 eng d | ||
| 040 |
_aCaPaEBR _cCaPaEBR |
||
| 035 | _a(OCoLC)733075256 | ||
| 050 | 1 | 4 |
_aCR4743 _b.H32 2009eb |
| 100 | 1 |
_aHaag, Michael, _d1943- |
|
| 245 | 1 | 4 |
_aThe Templars _h[electronic resource] : _bhistory & myth / _cMichael Haag. |
| 260 |
_aLondon : _bProfile Books, _c2009. |
||
| 300 |
_a384 p. : _bill., maps. |
||
| 504 | _aIncludes bibliographical references and index. | ||
| 504 | _aIncludes web resources. | ||
| 533 |
_aElectronic reproduction. _bPalo Alto, Calif. : _cebrary, _d2010. _nAvailable via World Wide Web. _nAccess may be limited to ebrary affiliated libraries. |
||
| 610 | 2 | 0 |
_aTemplars _xHistory. |
| 650 | 0 |
_aMilitary religious orders _xHistory. |
|
| 655 | 7 |
_aElectronic books. _2local |
|
| 710 | 2 | _aebrary, Inc. | |
| 856 | 4 | 0 |
_uhttp://site.ebrary.com/lib/rucke/Doc?id=10387138 _zAn electronic book accessible through the World Wide Web; click to view |
| 999 |
_c205506 _d205506 |
||